1988 1831 1096 1634 1484 1008 1475 1366 1804 1897 1117 1267 1424 1138 1298 1415 1598 1376 1206 1623 1018 1479 1893 1492 1258 1078 1470 1332 1248 1836 1343 1833 1496 1634 1217 1391 1889 1729 1716 1479 1611 1350 1902 1976 1152 1696 1061 1436 1737 1259 1328 1190 1521 2000 1140 1211 1034 1832 1244 1086 1618 1893 1311 1236 1400 1001 1145 1946 1111 1905 1423 1002 1678 1394 1641 1318 1263 1938 1540 1622 1669 1669 1816 1482 1559 1178 1502 1439 1014 1102 1314 1915 1632 1152 1025 1112 1398 1509 1395 BCNSPRNW ULIB Ver.6.0+V

เปลี่ยนเป็นภาษาไทย

Change to English
 แสดงรายละเอียดบรรณานุกรม
  กลับหน้าหลัก

Brief Record : Get Marc (ISO 2709) : E-mail record : QR code < ปิดหน้าต่าง
LEADER : 00000nas 2200000uu 4500
001    13399126225
003     ULIB
008    180815s||||||||th 000 0 tha d
245 00 ^aวารสารวิทยาลัยพยาบาลบมราชชนนี สุพรรณบุรี/^bวิทยาลัยพยาบาลบรมราชชนนี สุพรรณบุรี
310    ^aราย 6 เดือน
850 ^a ULIB^bปีที่ 1 ฉบับที่ 1 ฉ.1
945    ^p0^l0^i904978
999    ^aประนอม เกษจรัล
รายการนี้ยังไม่มีแท็ก
คุณยังไม่ได้ล็อกอิน คุณสามารถมีกิจกรรมร่วมกับเว็บไซต์ได้ แต่ต้องล็อกอินก่อน ::
  ล็อกอิน

รายการสื่อสารสนเทศ (วารสาร)

ดูแบบ: กล่อง รายการ
ARRIVED
ปีที่ 1 ฉบับที่ 1 ฉ.1
สถานที่: ห้องสมุดวิทยาเขตสวรรค์ประชารักษ์ >วารสาร

BibComment


ยังไม่เคยถูกคอมเมนท์

คอมเมนท์ทรัพยากรรายการนี้
  คอมเมนท์: วารสารวิทยาลัยพย..


 Copyright 2026. Bcnsprnw @Library